[Event "Eindhoven WLC op 15th"]
[Site "Eindhoven"]
[Date "2025.05.17"]
[Round "2"]
[White "Glasbeek, Steven"]
[Black "Pathak, Raghav"]
[Result "1/2-1/2"]
[WhiteElo "1951"]
[BlackElo "2144"]
[PlyCount "65"]
[EventDate "2025.05.16"]
[EventType "swiss"]
[EventRounds "6"]
[EventCountry "NED"]
[SourceTitle "CB21_2025"]
[SourceDate "2025.05.21"]
[SourceVersion "1"]
[SourceVersionDate "2025.05.21"]
[SourceQuality "1"]

1. f4 Nf6 2. Nf3 g6 3. g3 Bg7 4. Bg2 0-0 5. 0-0 d6 6. d3 c5 7. e4 Nc6 8. c3 Rb8 9. a4 a6 10. h3 h5 11. Be3 b5 12. axb5 axb5 13. Nbd2 Re8 14. d4 cxd4 15. cxd4 e5 16. fxe5 dxe5 17. d5 Na5 18. Qe2 Nc4 19. Nxc4 bxc4 20. Qxc4 Rxb2 21. Rfb1 Rxb1+ 22. Rxb1 Nxe4 23. Qxe4 Bf5 24. Qb4 Bxb1 25. Qxb1 Qxd5 26. Ng5 Qd7 27. Qb3 Rd8 28. Kh2 Bf6 29. Ne4 Bg7 30. Ng5 Bf6 31. Ne4 Bg7 32. Ng5 Bf6 33. Ne4 1/2-1/2

[Event "Eindhoven WLC op 15th"]
[Site "Eindhoven"]
[Date "2025.05.17"]
[Round "4"]
[White "Van Happen, Niels"]
[Black "Pathak, Raghav"]
[Result "0-1"]
[WhiteElo "1773"]
[BlackElo "2144"]
[PlyCount "110"]
[EventDate "2025.05.16"]
[EventType "swiss"]
[EventRounds "6"]
[EventCountry "NED"]
[SourceTitle "CB21_2025"]
[SourceDate "2025.05.21"]
[SourceVersion "1"]
[SourceVersionDate "2025.05.21"]
[SourceQuality "1"]

1. e4 d5 2. exd5 Nf6 3. Nf3 Bg4 4. h3 Bh5 5. Bb5+ c6 6. dxc6 Nxc6 7. Nc3 e6 8. b3 Bd6 9. 0-0 0-0 10. Be2 a6 11. Bb2 Bc7 12. Nh2 Bg6 13. d3 Qd6 14. Nf3 Nd4 15. Re1 Bh5 16. Ne4 Nxf3+ 17. Bxf3 Qh2+ 18. Kf1 Nxe4 19. Bxh5 Qh1+ 20. Ke2 Qxg2 21. dxe4 Bb6 22. Bd4 Qxe4+ 23. Kf1 Qxd4 24. Qxd4 Bxd4 25. Rad1 Rad8 26. c4 b5 27. cxb5 axb5 28. a4 bxa4 29. bxa4 e5 30. Bf3 f5 31. Bc6 Rc8 32. Rc1 g5 33. Re2 Kg7 34. Rcc2 Rf7 35. Bd5 Rfc7 36. Bb3 h5 37. Rxc7+ Rxc7 38. Rc2 Rb7 39. Bd5 Ra7 40. Bc6 g4 41. Kg2 f4 42. f3 g3 43. Bb5 Ra8 44. Ra2 h4 45. a5 Rb8 46. Bf1 Kf6 47. a6 Ba7 48. Re2 Rb1 49. Rc2 e4 50. fxe4 f3+ 51. Kxf3 Rxf1+ 52. Kg2 Rf2+ 53. Kh1 Rxc2 54. e5+ Ke7 55. e6 Rh2# 0-1

[Event "Helmond Rapid op"]
[Site "Helmond"]
[Date "2024.06.15"]
[Round "1"]
[White "Grochal, Joey"]
[Black "Pathak, Raghav"]
[Result "1-0"]
[WhiteElo "2251"]
[BlackElo "1973"]
[PlyCount "131"]
[EventDate "2024.06.15"]
[EventType "swiss (rapid)"]
[EventRounds "9"]
[EventCountry "NED"]
[SourceTitle "CBM 220 Extra"]
[Source "ChessBase"]
[SourceDate "2024.07.31"]
[SourceVersion "1"]
[SourceVersionDate "2024.07.31"]
[SourceQuality "1"]

1. d4 d5 2. c4 e6 3. Nc3 a6 4. cxd5 exd5 5. Qb3 c6 6. e4 dxe4 7. Bc4 Qe7 8. a4 g6 9. Nge2 Bg7 10. 0-0 Nf6 11. Re1 0-0 12. Ng3 Qc7 13. Bg5 Nbd7 14. Rad1 b5 15. Bf1 h6 16. Bc1 Nb6 17. axb5 axb5 18. Qc2 Be6 19. Nxb5 Qd7 20. Nc3 Nbd5 21. Ncxe4 Nxe4 22. Nxe4 Bf5 23. Qc4 Rab8 24. Nc3 Nb6 25. Qc5 Rfd8 26. Bf4 Bf8 27. Qe5 Rbc8 28. Qe3 Kh7 29. Be5 Re8 30. Qg3 Bg7 31. h3 Rcd8 32. Be2 Bxe5 33. dxe5 Qc7 34. f4 h5 35. Rxd8 Rxd8 36. Qe3 Nd5 37. Qd4 Qb8 38. Nxd5 Rxd5 39. Qc3 Qb6+ 40. Kh2 Qf2 41. Qg3 Qxg3+ 42. Kxg3 Rd2 43. Bf3 Rxb2 44. Bxc6 Rc2 45. Bd5 Kg7 46. Re3 f6 47. e6 Rc8 48. e7 Bd7 49. f5 g5 50. Kf2 Rc2+ 51. Ke1 Rc8 52. Kd2 h4 53. Ke2 Rc2+ 54. Kd3 Rc8 55. Kd4 Rb8 56. Kc5 Be8 57. Kd6 Rc8 58. Ra3 Kh7 59. Ra8 Rxa8 60. Bxa8 Kg7 61. Bc6 Kf7 62. Bd7 g4 63. hxg4 Kg7 64. Bxe8 Kh6 65. Bf7 Kg5 66. e8Q 1-0

[Event "Helmond Rapid op"]
[Site "Helmond"]
[Date "2024.06.15"]
[Round "3"]
[White "Gudok, Viktor V"]
[Black "Pathak, Raghav"]
[Result "0-1"]
[WhiteElo "2084"]
[BlackElo "1973"]
[PlyCount "66"]
[EventDate "2024.06.15"]
[EventType "swiss (rapid)"]
[EventRounds "9"]
[EventCountry "NED"]
[SourceTitle "CBM 220 Extra"]
[Source "ChessBase"]
[SourceDate "2024.07.31"]
[SourceVersion "1"]
[SourceVersionDate "2024.07.31"]
[SourceQuality "1"]

1. e4 c6 2. d4 d5 3. Nc3 dxe4 4. Nxe4 Nf6 5. Nxf6+ exf6 6. Nf3 Bd6 7. Be3 0-0 8. Qd2 Re8 9. Be2 Nd7 10. 0-0 Nf8 11. Rfe1 Ng6 12. Rad1 f5 13. Qc1 f4 14. Bd2 Bf5 15. Bf1 Qf6 16. Bc3 Bg4 17. d5 Qd8 18. dxc6 Rxe1 19. Rxe1 Bxf3 20. gxf3 Nh4 21. Kh1 Nxf3 22. Rd1 Qh4 23. h3 Qxf2 24. Bg2 Qg3 25. Bxf3 Qxf3+ 26. Kg1 Qg3+ 27. Kf1 Qxh3+ 28. Kg1 f3 29. Qg5 Qh2+ 30. Kf1 Qe2+ 31. Kg1 Qxd1+ 32. Kf2 Qe2+ 33. Kg1 f2+ 0-1

[Event "Helmond Rapid op"]
[Site "Helmond"]
[Date "2024.06.15"]
[Round "9"]
[White "Kurt, Sascha"]
[Black "Pathak, Raghav"]
[Result "1/2-1/2"]
[WhiteElo "2033"]
[BlackElo "1973"]
[PlyCount "24"]
[EventDate "2024.06.15"]
[EventType "swiss (rapid)"]
[EventRounds "9"]
[EventCountry "NED"]
[SourceTitle "CBM 220 Extra"]
[Source "ChessBase"]
[SourceDate "2024.07.31"]
[SourceVersion "1"]
[SourceVersionDate "2024.07.31"]
[SourceQuality "1"]

1. e4 c6 2. d4 d5 3. exd5 cxd5 4. Bd3 Nc6 5. c3 Nf6 6. Nf3 Bg4 7. Bf4 e6 8. 0-0 Bd6 9. Bxd6 Qxd6 10. Nbd2 0-0 11. h3 Bh5 12. Qc2 Rac8 1/2-1/2

[Event "Helmond Rapid op"]
[Site "Helmond"]
[Date "2024.06.15"]
[Round "8"]
[White "Pathak, Raghav"]
[Black "Teianu, Sabin"]
[Result "0-1"]
[WhiteElo "1973"]
[BlackElo "1962"]
[PlyCount "98"]
[EventDate "2024.06.15"]
[EventType "swiss (rapid)"]
[EventRounds "9"]
[EventCountry "NED"]
[SourceTitle "CBM 220 Extra"]
[Source "ChessBase"]
[SourceDate "2024.07.31"]
[SourceVersion "1"]
[SourceVersionDate "2024.07.31"]
[SourceQuality "1"]

1. e4 e6 2. d4 d5 3. exd5 exd5 4. Bf4 Bf5 5. Bd3 Bxd3 6. Qxd3 Nf6 7. Qb5+ Nc6 8. Nc3 Rb8 9. 0-0-0 Be7 10. f3 0-0 11. g4 a6 12. Qe2 Bd6 13. Bg5 Bb4 14. Qd3 Bxc3 15. Qxc3 Qd6 16. h4 b5 17. Nh3 b4 18. Qd3 a5 19. h5 a4 20. Bxf6 Qxf6 21. g5 Qd6 22. Rdg1 b3 23. a3 bxc2 24. g6 fxg6 25. Ng5 Qf4+ 26. Qd2 Qxd2+ 27. Kxd2 Rxb2 28. hxg6 h6 29. Rh3 Rf4 30. Ne6 Rf6 31. Re1 Rb1 32. Rhh1 c1Q+ 33. Rxc1 Rxc1 34. Rxc1 Rxe6 35. Rb1 Kf8 36. Rb7 Re7 37. Kd3 Ke8 38. Rb5 Rd7 39. Rc5 Rd6 40. f4 Kd7 41. f5 Ne7 42. Ra5 Nxf5 43. Rxa4 Rxg6 44. Ra8 Rg3+ 45. Ke2 Nxd4+ 46. Kf2 Rg6 47. Ke3 Ne6 48. Ra5 Rg5 49. a4 d4+ 0-1

[Event "Helmond Rapid op"]
[Site "Helmond"]
[Date "2024.06.15"]
[Round "5"]
[White "Veerbeek, Wessel"]
[Black "Pathak, Raghav"]
[Result "0-1"]
[WhiteElo "1951"]
[BlackElo "1973"]
[PlyCount "74"]
[EventDate "2024.06.15"]
[EventType "swiss (rapid)"]
[EventRounds "9"]
[EventCountry "NED"]
[SourceTitle "CBM 220 Extra"]
[Source "ChessBase"]
[SourceDate "2024.07.31"]
[SourceVersion "1"]
[SourceVersionDate "2024.07.31"]
[SourceQuality "1"]

1. e4 c6 2. d4 d5 3. exd5 cxd5 4. Bf4 Nf6 5. Nc3 a6 6. Nf3 Nc6 7. Be2 Bf5 8. a3 e6 9. 0-0 Bd6 10. Bg3 h6 11. Nh4 Bh7 12. b4 Bxg3 13. hxg3 0-0 14. Na4 Ne4 15. Bd3 Nd6 16. Bxh7+ Kxh7 17. Qd3+ Kg8 18. Rfb1 Nc4 19. Nc5 b6 20. Nb3 Qd6 21. Nd2 Nxd2 22. Qxd2 Rac8 23. b5 axb5 24. Rxb5 Na5 25. Rab1 Nc4 26. Qe2 Ra8 27. Nf3 Qc7 28. R1b3 Rxa3 29. Ne5 Rxb3 30. cxb3 Nxe5 31. dxe5 Rd8 32. Qe3 d4 33. Qd3 Qc3 34. Qd1 d3 35. Rxb6 d2 36. Rd6 Rxd6 37. exd6 Qc1 0-1

[Event "Helmond Rapid op"]
[Site "Helmond"]
[Date "2023.06.10"]
[Round "6"]
[White "Pathak, Raghav"]
[Black "Ouwens, Bert"]
[Result "1-0"]
[WhiteElo "1721"]
[BlackElo "1927"]
[PlyCount "53"]
[EventDate "2023.06.10"]
[EventType "swiss (rapid)"]
[EventRounds "9"]
[EventCountry "NED"]
[SourceTitle "CBM 214 Extra"]
[Source "ChessBase"]
[SourceDate "2023.07.31"]
[SourceVersion "1"]
[SourceVersionDate "2023.07.31"]
[SourceQuality "1"]

1. c4 e5 2. g3 Nf6 3. Nc3 d5 4. cxd5 Nxd5 5. Bg2 Nb6 6. d3 Be7 7. Nf3 Nc6 8. 0-0 0-0 9. Be3 Be6 10. Rc1 f6 11. a3 Nd5 12. Nxd5 Bxd5 13. b4 Rc8 14. Qd2 Nd4 15. Bxd4 exd4 16. Bh3 Rb8 17. Nxd4 g6 18. Be6+ Kg7 19. Qe3 Qd6 20. Bxd5 Qxd5 21. Ne6+ Kf7 22. Nxf8 Rxf8 23. Rxc7 Re8 24. Rfc1 Kf8 25. Rc8 Qd7 26. R1c7 Qd6 27. Qh6+ 1-0

[Event "Wch U08"]
[Site "Batumi"]
[Date "2022.09.19"]
[Round "4"]
[White "Pathak, Raghav"]
[Black "Popov, Alexander And"]
[Result "0-1"]
[WhiteElo "1400"]
[BlackElo "1141"]
[PlyCount "36"]
[EventDate "2022.09.16"]
[EventType "swiss"]
[EventRounds "11"]
[EventCountry "GEO"]
[SourceTitle "EXT 2023"]
[Source "ChessBase"]
[SourceDate "2022.10.05"]
[SourceVersion "1"]
[SourceVersionDate "2022.10.05"]
[SourceQuality "1"]

1. e4 e5 2. Bc4 Nf6 3. d3 Bc5 4. Nf3 Nc6 5. Be3 Bb6 6. c3 d5 7. exd5 Nxd5 8. Bxb6 Nxb6 9. Bb3 0-0 10. 0-0 Bf5 11. Bc2 Qd7 12. d4 Bxc2 13. Qxc2 exd4 14. Rd1 Qe7 15. cxd4 Rad8 16. Qd2 Rd7 17. Nc3 Re8 18. Qf4 Qb4 0-1

[Event "Wch U08"]
[Site "Batumi"]
[Date "2022.09.18"]
[Round "3"]
[White "Jani, Aakash"]
[Black "Pathak, Raghav"]
[Result "1-0"]
[WhiteElo "1249"]
[BlackElo "1400"]
[PlyCount "41"]
[EventDate "2022.09.16"]
[EventType "swiss"]
[EventRounds "11"]
[EventCountry "GEO"]
[SourceTitle "EXT 2023"]
[Source "ChessBase"]
[SourceDate "2022.10.05"]
[SourceVersion "1"]
[SourceVersionDate "2022.10.05"]
[SourceQuality "1"]

1. e4 e6 2. d4 d5 3. Nc3 Bb4 4. e5 c5 5. a3 Bxc3+ 6. bxc3 Ne7 7. Qg4 Qc7 8. Qxg7 Rg8 9. Qxh7 cxd4 10. Ne2 Nbc6 11. Qd3 dxc3 12. f4 Bd7 13. Nxc3 0-0-0 14. Rb1 Na5 15. Bd2 Nc4 16. Rb3 d4 17. Ne4 Nxd2 18. Nd6+ Kb8 19. Rxb7+ Qxb7 20. Nxb7 Kxb7 21. Qxd2 1-0